|
|
|
|
| LEADER |
01842nam a2200409 a 4500 |
| 001 |
39708 |
| 003 |
BD-DhAAL |
| 008 |
221013t2011 bg b 000 0 eng d |
| 999 |
|
|
|c 44955
|d 44955
|
| 010 |
|
|
|a 2012323981
|
| 020 |
|
|
|a 9789843330903 (v. 4)
|
| 025 |
|
|
|a B-E-2012-323981; 22-92
|
| 037 |
|
|
|b Library of Congress -- New Delhi Overseas Office
|
| 040 |
|
|
|a DLC
|c DLC
|d DLC
|d BD-DhAAL
|
| 042 |
|
|
|a lcode
|a pcc
|
| 043 |
|
|
|a a-bg---
|
| 050 |
0 |
0 |
|a HC440.8
|b .S583 2011
|
| 082 |
|
|
|a 330.95492
|2 23
|
| 245 |
0 |
0 |
|a Sixth Five Year Plan of Bangladesh,
|n 2011-2015 :
|b background papers,
|n volume 4 /
|c edited by Mustafa K. Mujeri, Shamsul Alam.
|
| 246 |
3 |
|
|a 6th Five Year Plan of Bangladesh, 2011-2015
|
| 246 |
3 |
0 |
|a Background papers
|
| 260 |
|
|
|a Dhaka :
|b Bangladesh Institute of Development Studies :
|b General Economic Division, Planning Commission, Govt. of the People's Republic of Bangladesh,
|c 2011.
|
| 300 |
|
|
|a xxix, 390 pages ;
|c 25 cm.
|
| 362 |
|
|
|a Vol. 4
|
| 504 |
|
|
|a Includes bibliographical references.
|
| 505 |
0 |
|
|a v. 1. Macroeconomic issues -- v. 2. Economic sectors -- v. 3. Social sectors -- v. 4. Cross sectoral issues.
|
| 541 |
|
|
|a Donated By Akbar Ali Khan
|e 39708
|
| 650 |
|
|
|a Economics.
|9 51821
|
| 651 |
|
0 |
|a Bangladesh
|x Economic policy.
|9 51822
|
| 651 |
|
0 |
|a Bangladesh
|x Social policy.
|9 51823
|
| 700 |
1 |
|
|a Mujeri, Mustafa K.
|9 51824
|
| 700 |
1 |
|
|a Alam, Shamsul
|c (Government economist)
|9 51825
|
| 710 |
1 |
|
|a Bangladesh.
|b Parikalpanā Kamiśana.
|b General Economics Division.
|9 51826
|
| 710 |
2 |
|
|a Bangladesh Institute of Development Studies.
|9 51827
|
| 852 |
|
|
|a Ayesha Abed Library
|c Akbar Ali Khan Collection
|
| 942 |
|
|
|2 ddc
|c BK
|
| 952 |
|
|
|0 0
|1 0
|2 ddc
|4 0
|6 330_954920000000000_SIX
|7 1
|9 72058
|a BRACUL
|b BRACUL
|c CS1
|d 2022-10-13
|e Donated by Akbar Ali Khan
|l 0
|o 330.95492 SIX
|p 3010039708
|r 2022-10-13
|t 1
|w 2022-10-13
|y BK
|